Fabricación y trabajo del vidrio: composición y análisis de los vidrios, elección y examen de materias primas, fusión, temple, y recocido, propiedades...

Bibliographic Details
Main Author: Hero Hernández, Antonio
Format: Book
Language:Spanish
Edition:2a ed.
Subjects:

MARC

LEADER 00000cam a2200000 a 4500
001 74296
005 20230308165404.0
008 000000|1962 ||||||||r|||||||||||spa||
040 |b spa 
041 1 |a spa 
082 0 |a 666.1 
100 1 |a Hero Hernández, Antonio  |9 38676 
245 |a Fabricación y trabajo del vidrio: composición y análisis de los vidrios, elección y examen de materias primas, fusión, temple, y recocido, propiedades...  |c Antonio Hero Hernández  |h imp 
250 |a 2a ed. 
264 |a Barcelona  |b Sintes  |c 1962 
300 |a 415 p 
650 1 |a Vidrio  |9 33577 
650 1 |a Tecnologia del vidrio  |9 34418 
852 |a UC-CDJBV  |c ESTANTERIA CERRADA  |f Compra  |k zulay.encalada  |l 1  |p 00000000  |t 74296  |d CDRC  |e CDRC  |g 666.1 ESTANTERIA CERRADA  |z 0000-00-00 
942 |c BK 
999 |c 28642  |d 28642